2026 World Cup Team Base Camps - Statistics

General Stats
  • This quiz has been taken 4 times
  • The average score is 13 of 48
Answer Stats
Hint Answer % Correct
Saudi Arabia Austin, Texas
75%
United States Irvine, California
75%
Argentina Kansas City, Missouri
75%
Netherlands Kansas City, Missouri
75%
México Mexico City, Mexico
75%
Uzbekistan Atlanta, Georgia
50%
France Boston, Massachusetts
50%
Spain Chattanooga, Tennessee
50%
DR Congo Houston, Texas
50%
Algeria Lawrence, Kansas
50%
Turkiye Mesa, Arizona
50%
Japan Nashville, Tennessee
50%
Bosnia and Herzegovina Salt Lake City, Utah
50%
New Zealand San Diego, California
50%
Switzerland San Diego, California
50%
Cape Verde Tampa, Florida
50%
Iran Tijuana, Baja California
50%
Croatia Alexandria, Virginia
25%
Brazil Basking Ridge, New Jersey
25%
Curacao Boca Ratón, Florida
25%
Scotland Charlotte, North Carolina
25%
Ecuador Columbus, Ohio
25%
Sweden Frisco, Texas
25%
Norway Greensboro, North Carolina
25%
Colombia Guadalajara, Jalisco
25%
South Korea Guadalajara, Jalisco
25%
Panama New Tecumseth, Ontario
25%
South Africa Pachuca, Hidalgo
25%
Uruguay Playa del Carmen, Quintana Roo
25%
Belgium Renton, Washington
25%
Canada Vancouver, British Columbia
25%
Egypt Airway Heights, Washington
0%
Czechia Arlington, Texas
0%
Haiti Atlantic City, New Jersey
0%
Australia Berkeley, California
0%
Austria Goleta, California
0%
Qatar Goleta, California
0%
Senegal New Brunswick, New Jersey
0%
Portugal Palm Beach, Florida
0%
Jordan Portland, Oregon
0%
England Prairie Village, Kansas
0%
Ghana Providence, Rhode Island
0%
Paraguay San Jose, Paraguay
0%
Tunisia San Pedro Garza García, Nuevo Leon
0%
Iraq Sulphur Springs, West Virginia
0%
Morocco Warren, New Jersey
0%
Ivory Coast Wilmington, Delaware
0%
Germany Winston-Salem, North Carolina
0%
No matching quizzes found
Score Distribution
Percent of People with Each Score
Percentile by Number Answered
Your Score History
You have not taken this quiz